La teoría de la dependencia: balance y perspectivas

-д хадгалсан:
Номзүйн дэлгэрэнгүй
Үндсэн зохиолч: Dos Santos, Theotonio (Зохиогч)
Формат: Ном
Хэл сонгох:испани
Хэвлэсэн: Buenos Aires Plaza & Janés 2003
Нөхцлүүд:
Шошгууд: Шошго нэмэх
Шошго байхгүй, Энэхүү баримтыг шошголох эхний хүн болох!

MARC

LEADER 00000nam a2200000 a 4500
001 UCL6330
003 CL-VaPUC
008 040402e20030000AG |||||||||||||||||spa|d
020 |a 9506440328 
082 0 4 |a 338.9  |b DOS  |2 21 
100 0 |a Dos Santos, Theotonio  |e author  |9 483978 
245 1 3 |a La teoría de la dependencia: balance y perspectivas 
300 |a 170 p 
942 |c BK 
945 |d 20040402 00:00:00  |a cmena 
260 |a Buenos Aires  |b Plaza & Janés  |c 2003 
650 0 |a Desarrollo económico y social   |9 256320 
650 0 |a Política económica   |9 255029 
650 0 |a Ideologías políticas   |9 255735 
583 |a last modification  |c 20040402 00:00:00  |k Rodrigo Vera 
999 |c 308443  |d 308441 
952 |0 0  |1 0  |4 0  |6 338_900000000000000_DOS_2003  |7 0  |8 A  |9 374964  |a BIBHIS  |b BIBHIS  |d 2019-11-21  |i 3988139  |l 1  |o 338.9 DOS 2003  |p 3988139  |r 2025-01-20  |s 2022-03-17  |w 2019-11-21  |y BK  |k HIS 
952 |0 0  |1 0  |4 0  |6 338_900000000000000_DOS_2003  |7 0  |8 A  |9 374965  |a BIBGIM  |b BIBGIM  |d 2019-11-21  |i 3990095  |o 338.9 DOS 2003  |p 3990095  |r 2025-01-15  |w 2019-11-21  |y BK  |k SSL